Canadian income taxation planning and decision making. (Record no. 12770)

000 -LEADER
fixed length control field 00540nam a2200169 4500
008 - FIXED-LENGTH DATA ELEMENTS--GENERAL INFORMATION
fixed length control field 160808b xxu||||| |||| 00| 0 eng d
020 ## - INTERNATIONAL STANDARD BOOK NUMBER
International Standard Book Number 9781259024870
050 ## - LIBRARY OF CONGRESS CALL NUMBER
Classification number HD 2753 .C3B64 2013
100 ## - MAIN ENTRY--PERSONAL NAME
Personal name Buckwold, Bill.
Dates associated with a name 2013.
245 ## - TITLE STATEMENT
Title Canadian income taxation planning and decision making.
250 ## - EDITION STATEMENT
Edition statement 2013-2014 ed.
260 ## - PUBLICATION, DISTRIBUTION, ETC. (IMPRINT)
Place of publication, distribution, etc. Canada;
Name of publisher, distributor, etc. McGraw-Hill Ryerson,
Date of publication, distribution, etc. 2013.
300 ## - PHYSICAL DESCRIPTION
Extent xx, 772 p. : ill.
Other physical details Includes index.
650 ## - SUBJECT ADDED ENTRY--TOPICAL TERM
Topical term or geographic name as entry element Tax.
700 ## - ADDED ENTRY--PERSONAL NAME
Personal name Kitunen, Joan.
942 ## - ADDED ENTRY ELEMENTS (KOHA)
Source of classification or shelving scheme
Koha item type Hard Covered Materials
Classification part HD 2753 .C3B64 2013
Holdings
Withdrawn status Lost status Source of classification or shelving scheme Damaged status Not for loan Home library Current library Shelving location Date acquired Source of acquisition Total Checkouts Full call number Barcode Date last seen Price effective from Koha item type
          MACHAKOS UNIVERSITY LIBRARY MACHAKOS UNIVERSITY LIBRARY Open shelf 08/08/2016 Donation (BFA)   HD 2753 .C3B64 2013 20780 31/05/2019 08/08/2016 Hard Covered Materials
© Machakos University Library, Along The Highway, Machakos Wote Rd, Machakos, Kenya P.O. Box 136 - 90100 Machakos - Kenya

Tel: ( +254 ) 723 805829 OR Fax : 044-20353 OR Email: library@mksu.ac.ke